000 00626nas a2200217 i 4500
001 114691
003 ES-MaACL
005 20230906190229.0
007 t|
008 890830s1987 sp | l|01 0||pa d
020 _a84-505-7008-5
080 _a311.314(464.1)"1987"
080 _a352(464.1)"1987":31
245 0 0 _aAnuario estadistico /
_cAyuntamiento de Madrid.
260 _aMadrid :
_bAyuntamiento de Madrid,
_c1987.
300 _a789 p. ;
_c31 cm +
_eplan. pleg.
651 4 _aMadrid-
_xEstadísticas.
_9146823
710 1 _aMadrid.
_bAyuntamiento
_9234069
852 _aES-MaACL
_jG-3975
999 _c114691
_d114691